[Event "NB I. Maroczy csoport"]
[Site "Budapest"]
[Date "2024.02.18"]
[Round "6.11"]
[White "Gyorffy, Peter Pal"]
[Black "Szabo, Kristof"]
[Result "0-1"]
[WhiteElo "1969"]
[BlackElo "2109"]
[PlyCount "98"]
[EventDate "2023.10.08"]
[EventType "team-tourn"]
[EventRounds "11"]
[EventCountry "HUN"]
[Source "chess.hu"]
[WhiteTeam "NYVSC "]
[BlackTeam "Vasas SC"]
[WhiteTeamCountry "HUN"]
[BlackTeamCountry "HUN"]

1. d4 Nf6 2. Nf3 g6 3. e3 Bg7 4. Bd3 d6 5. b3 O-O 6. Bb2 Nbd7 7. Nbd2 e5 8.
dxe5 Ng4 9. Qe2 Ngxe5 10. Nxe5 Nxe5 11. O-O-O a5 12. a4 Bd7 13. h4 Re8 14. f3
Nxd3+ 15. Qxd3 Bxb2+ 16. Kxb2 Qf6+ 17. Qd4 Qxd4+ 18. exd4 Re2 19. g4 Bc6 20. h5
Rae8 21. hxg6 fxg6 22. Rh3 Rf2 23. Kc1 Ree2 24. c4 d5 25. c5 Bd7 26. Rhh1 Kg7
27. Rhe1 h5 28. Rxe2 Rxe2 29. gxh5 gxh5 30. Nf1 h4 31. Rd2 Re1+ 32. Rd1 Re6 33.
Kd2 Kh6 34. Ne3 Rf6 35. Ke2 c6 36. Rh1 Kh5 37. Ng2 h3 38. Ke3 Kg5 39. Ne1 Bf5
40. f4+ Kh5 41. Nf3 Re6+ 42. Ne5 Kh4 43. Kf2 Be4 44. Rg1 Bg2 45. Re1 Rf6 46.
Nf3+ Kg4 47. Nh2+ Kxf4 48. Re5 Rf7 49. Rh5 Ke4+ 0-1

[Event "NB I. Maroczy csoport"]
[Site "Budapest"]
[Date "2024.02.18"]
[Round "6.12"]
[White "Harkanyi, Gergely"]
[Black "Hurkovszkij, Vladyslav"]
[Result "0-1"]
[WhiteElo "1901"]
[BlackElo "1985"]
[PlyCount "70"]
[EventDate "2023.10.08"]
[EventType "team-tourn"]
[EventRounds "11"]
[EventCountry "HUN"]
[Source "chess.hu"]
[WhiteTeam "Vasas SC"]
[BlackTeam "NYVSC "]
[WhiteTeamCountry "HUN"]
[BlackTeamCountry "HUN"]

1. d4 d5 2. c4 c6 3. Nf3 Nf6 4. g3 Bf5 5. Nc3 e6 6. Qb3 Qb6 7. c5 Qxb3 8. axb3
Na6 9. Ra4 Bc2 10. Bg2 Bxb3 11. Ra3 Bc2 12. O-O h6 13. Bf4 Be7 14. h4 Nd7 15.
Rfa1 f6 16. b4 e5 17. dxe5 fxe5 18. Nxe5 g5 19. Nxd7 gxf4 20. Ne5 fxg3 21. fxg3
Bf6 22. Nd3 Bxd3 23. exd3 Nxb4 24. Re1+ Kd7 25. Bh3+ Kc7 26. Rf1 Bd4+ 27. Kh1
Rhf8 28. Re1 Rae8 29. Rxe8 Rxe8 30. Na4 Re1+ 31. Kh2 Ra1 32. Rxa1 Bxa1 33. Bf1
Bd4 34. g4 b5 35. cxb6+ axb6 0-1

[Event "NB I. Maroczy csoport"]
[Site "Kisujszallas"]
[Date "2024.02.18"]
[Round "6.1"]
[White "Kun, Gabor"]
[Black "Berebora, Ferenc"]
[Result "1/2-1/2"]
[WhiteElo "2238"]
[BlackElo "2396"]
[PlyCount "73"]
[EventDate "2023.10.08"]
[EventType "team-tourn"]
[EventRounds "11"]
[EventCountry "HUN"]
[Source "chess.hu"]
[WhiteTeam "Magyar Sakkvilag-SMS"]
[BlackTeam "Kumania-Kisujszallas"]
[WhiteTeamCountry "HUN"]
[BlackTeamCountry "HUN"]

1. e4 c5 2. Nf3 Nc6 3. c3 Nf6 4. e5 Nd5 5. d4 cxd4 6. cxd4 d6 7. Bc4 Nb6 8. Bb5
Bd7 9. exd6 e6 10. Nc3 Bxd6 11. O-O Nb4 12. Be2 Bc6 13. a3 N4d5 14. Ne4 Nf4 15.
Nxd6+ Qxd6 16. Bxf4 Qxf4 17. Ne5 O-O 18. g3 Qf6 19. Nxc6 bxc6 20. Rc1 Rac8 21.
Bf3 e5 22. dxe5 Qxe5 23. Rc3 c5 24. Re1 Qf6 25. Bg2 g6 26. Qc2 c4 27. Rce3 Rfd8
28. Re7 c3 29. bxc3 Nc4 30. Qe4 Rd2 31. Qf3 Qxf3 32. Bxf3 Nxa3 33. Rxa7 Rxc3
34. Rd1 Rxd1+ 35. Bxd1 Rc1 36. Rxa3 Rxd1+ 37. Kg2 1/2-1/2

[Event "NB I. Maroczy csoport"]
[Site "Kisujszallas"]
[Date "2024.02.18"]
[Round "6.2"]
[White "Balla, Tamas-Kristof"]
[Black "Nemeth, Zoltan"]
[Result "1/2-1/2"]
[WhiteElo "2283"]
[BlackElo "2199"]
[PlyCount "105"]
[EventDate "2023.10.08"]
[EventType "team-tourn"]
[EventRounds "11"]
[EventCountry "HUN"]
[Source "chess.hu"]
[WhiteTeam "Kumania-Kisujszallas"]
[BlackTeam "Magyar Sakkvilag-SMS"]
[WhiteTeamCountry "HUN"]
[BlackTeamCountry "HUN"]

1. Nf3 Nf6 2. b3 d6 3. d4 Bg4 4. Bb2 Nbd7 5. e3 c6 6. h3 Bxf3 7. Qxf3 d5 8. Nd2
Qa5 9. Bd3 e6 10. a3 Bd6 11. b4 Qd8 12. c4 Qe7 13. O-O O-O 14. e4 dxe4 15. Nxe4
Nxe4 16. Qxe4 Nf6 17. Qh4 h6 18. Rfe1 Rfe8 19. Bc3 Nh7 20. Qe4 Nf6 21. Qf3 a6
22. Rab1 b5 23. Rb3 bxc4 24. Bxc4 Nd5 25. Bd2 Qf6 26. Qd3 Nc7 27. Qe4 Rec8 28.
Rf3 Qd8 29. Bd3 f5 30. Qe2 Qf6 31. g4 Re8 32. Bc4 Kh7 33. Bc3 Qg5 34. Qe3 Qg6
35. Qd3 h5 36. Kh1 hxg4 37. hxg4 fxg4 38. Qxg6+ Kxg6 39. Bd3+ Kh5 40. Rf7 Re7
41. Rxe7 Bxe7 42. Bd2 Bh4 43. Re5+ g5 44. Kg2 Rf8 45. Re2 Nd5 46. Bxa6 Ra8 47.
Bb7 Rxa3 48. Bxc6 Nf4+ 49. Bxf4 gxf4 50. f3 Bf6 51. Rxe6 Ra2+ 52. Kf1 Bxd4 53.
fxg4+ 1/2-1/2

[Event "NB I. Maroczy csoport"]
[Site "Kisujszallas"]
[Date "2024.02.18"]
[Round "6.3"]
[White "Feher, Gyula"]
[Black "Meszaros, Gyula"]
[Result "1/2-1/2"]
[WhiteElo "2321"]
[BlackElo "2303"]
[PlyCount "24"]
[EventDate "2023.10.08"]
[EventType "team-tourn"]
[EventRounds "11"]
[EventCountry "HUN"]
[Source "chess.hu"]
[WhiteTeam "Magyar Sakkvilag-SMS"]
[BlackTeam "Kumania-Kisujszallas"]
[WhiteTeamCountry "HUN"]
[BlackTeamCountry "HUN"]

1. e4 e6 2. d4 d5 3. Nd2 Nf6 4. e5 Nfd7 5. Bd3 c5 6. c3 Nc6 7. Ne2 cxd4 8. cxd4
f6 9. exf6 Nxf6 10. Nf3 Bd6 11. O-O Qb6 12. Nc3 O-O 1/2-1/2

[Event "NB I. Maroczy csoport"]
[Site "Kisujszallas"]
[Date "2024.02.18"]
[Round "6.4"]
[White "Egyed, Gabor"]
[Black "Farago, Sandor"]
[Result "1-0"]
[WhiteElo "2169"]
[BlackElo "2041"]
[PlyCount "207"]
[EventDate "2023.10.08"]
[EventType "team-tourn"]
[EventRounds "11"]
[EventCountry "HUN"]
[Source "chess.hu"]
[WhiteTeam "Kumania-Kisujszallas"]
[BlackTeam "Magyar Sakkvilag-SMS"]
[WhiteTeamCountry "HUN"]
[BlackTeamCountry "HUN"]

1. d4 Nf6 2. Nc3 d5 3. Bf4 a6 4. e3 Bf5 5. Nf3 h6 6. Ne5 Nbd7 7. Bd3 Bxd3 8.
cxd3 e6 9. O-O Nxe5 10. dxe5 Nd7 11. d4 c5 12. a4 Be7 13. Bg3 h5 14. f4 g6 15.
Bf2 cxd4 16. exd4 Rc8 17. Qe2 Nb8 18. Na2 Nc6 19. Rfb1 Na5 20. b4 Nc4 21. Nc1
O-O 22. Rb3 Kg7 23. Nd3 b6 24. Be1 Qd7 25. Nf2 Rh8 26. Nh3 Qd8 27. Kh1 Bh4 28.
g3 Be7 29. Ra2 a5 30. Nf2 Bxb4 31. Bxb4 axb4 32. Rxb4 Rc6 33. Rb3 Na5 34. Rb1
Qc7 35. Rab2 Rc1+ 36. Kg2 Rc8 37. Rxb6 Rc2 38. Qd3 Qc3 39. Qxc3 R8xc3 40. R6b2
Rxb2 41. Rxb2 Rc4 42. Rb5 Rxa4 43. Nh3 Nc6 44. Rb7 Ra2+ 45. Kf1 Ra1+ 46. Kf2
Ra2+ 47. Ke1 Ra7 48. Rxa7 Nxa7 49. Kd2 Nb5 50. Kd3 Kf8 51. Ng5 Ke7 52. Nf3 f6
53. Kc2 fxe5 54. fxe5 Nc7 55. Kd3 Kf7 56. Kc3 Ke7 57. Kb4 Ne8 58. Nh4 Kf7 59.
Nf3 Ng7 60. Kb5 Nf5 61. Kc5 Ke7 62. Nh4 Ne3 63. Nxg6+ Kd7 64. Nh4 Ng4 65. Nf3
Nf2 66. Kb4 Ne4 67. Kb3 Ke7 68. Kc2 Kf7 69. Kd3 Kg6 70. Nd2 Nf2+ 71. Ke2 Ng4
72. h3 Nh6 73. Nf3 Kf5 74. Ke3 Nf7 75. Nh4+ Kg5 76. Kf2 Nh6 77. Kf3 Nf7 78. Ng2
Nd8 79. h4+ Kf5 80. Nf4 Nc6 81. Ne2 Nb4 82. Nc3 Nc2 83. Nb5 Ne1+ 84. Ke2 Nc2
85. Kd2 Nb4 86. Nc3 Nc6 87. Ke3 Kg4 88. Ne2 Nd8 89. Kf2 Nc6 90. Kg2 Ne7 91. Nf4
Nf5 92. Nxe6 Nxg3 93. Ng7 Ne4 94. e6 Kxh4 95. e7 Nf6 96. Kf3 Kg5 97. e8=Q Nxe8
98. Nxe8 Kf5 99. Nc7 h4 100. Nxd5 h3 101. Ne3+ Kg5 102. Kg3 h2 103. Kxh2 Kf4
104. Nc2 1-0

[Event "NB I. Maroczy csoport"]
[Site "Kisujszallas"]
[Date "2024.02.18"]
[Round "6.5"]
[White "Meszaros, Andras"]
[Black "Nagy, Attila N"]
[Result "1-0"]
[WhiteElo "2118"]
[BlackElo "2142"]
[PlyCount "65"]
[EventDate "2023.10.08"]
[EventType "team-tourn"]
[EventRounds "11"]
[EventCountry "HUN"]
[Source "chess.hu"]
[WhiteTeam "Magyar Sakkvilag-SMS"]
[BlackTeam "Kumania-Kisujszallas"]
[WhiteTeamCountry "HUN"]
[BlackTeamCountry "HUN"]

1. e4 c5 2. Nf3 e6 3. Be2 a6 4. O-O Nc6 5. c3 Nf6 6. e5 Nd5 7. d4 cxd4 8. cxd4
Be7 9. Nc3 Nxc3 10. bxc3 d6 11. exd6 Qxd6 12. a4 O-O 13. Re1 Rd8 14. Bd3 Qd5
15. Qe2 Bd7 16. Rb1 Bf6 17. Be4 Qa5 18. Rxb7 Rac8 19. Bd2 Qxa4 20. Ng5 h6 21.
Qh5 Bxg5 22. Bxg5 Qa5 23. d5 Qxc3 24. Rd1 hxg5 25. dxe6 Ne5 26. e7 g6 27.
exd8=Q+ Rxd8 28. Qxg5 Re8 29. Qd2 Qc8 30. Rc1 Nc4 31. Qxd7 Qxd7 32. Rxd7 Rxe4
33. f3 1-0

[Event "NB I. Maroczy csoport"]
[Site "Kisujszallas"]
[Date "2024.02.18"]
[Round "6.6"]
[White "Pletl, Akos"]
[Black "Muranyi, Peter"]
[Result "1-0"]
[WhiteElo "2174"]
[BlackElo "2022"]
[PlyCount "53"]
[EventDate "2023.10.08"]
[EventType "team-tourn"]
[EventRounds "11"]
[EventCountry "HUN"]
[Source "chess.hu"]
[WhiteTeam "Kumania-Kisujszallas"]
[BlackTeam "Magyar Sakkvilag-SMS"]
[WhiteTeamCountry "HUN"]
[BlackTeamCountry "HUN"]

1. d4 b6 2. e4 Bb7 3. f3 e6 4. Be3 d5 5. exd5 Qxd5 6. c4 Qd7 7. Nc3 Nf6 8. Qd2
Nc6 9. O-O-O O-O-O 10. Nh3 Bb4 11. Qc2 Bxc3 12. Qxc3 Ne7 13. Bd3 Kb8 14. Bc2 b5
15. b3 Qc6 16. Qb4 Rd7 17. Ng5 Rf8 18. d5 exd5 19. Bc5 a5 20. Qa3 Re8 21. cxb5
Qxb5 22. Bd3 Qc6 23. Qxa5 Nc8 24. Kb1 h6 25. Nh3 Nb6 26. Rc1 Qe6 27. Rhe1 1-0

[Event "NB I. Maroczy csoport"]
[Site "Kisujszallas"]
[Date "2024.02.18"]
[Round "6.8"]
[White "Balogh, David"]
[Black "Torok, Tamas Titusz"]
[Result "1-0"]
[WhiteElo "2179"]
[BlackElo "2030"]
[PlyCount "135"]
[EventDate "2023.10.08"]
[EventType "team-tourn"]
[EventRounds "11"]
[EventCountry "HUN"]
[Source "chess.hu"]
[WhiteTeam "Kumania-Kisujszallas"]
[BlackTeam "Magyar Sakkvilag-SMS"]
[WhiteTeamCountry "HUN"]
[BlackTeamCountry "HUN"]

1. d4 d5 2. Bg5 f6 3. Bh4 Nh6 4. f3 c5 5. dxc5 e5 6. e4 Bxc5 7. Nc3 d4 8. Nd5
O-O 9. Bc4 Kh8 10. Ne2 Nc6 11. Bf2 Bd6 12. c3 dxc3 13. Nexc3 Na5 14. Be2 Be6
15. Rc1 Nc6 16. O-O Rc8 17. Nb5 Bb8 18. a3 Qd7 19. Ne3 Rfd8 20. Qxd7 Rxd7 21.
Bc4 Bxc4 22. Nxc4 Rcd8 23. Nc3 Nf7 24. Rfe1 Ng5 25. Ne3 Ne6 26. Ned5 Kg8 27.
Kf1 Kf7 28. Red1 Ncd4 29. Ne2 Nxe2 30. Kxe2 b6 31. Be3 g5 32. Rc6 Bd6 33. b4 h6
34. Rdc1 Bb8 35. g3 Rd6 36. Rxd6 Rxd6 37. a4 Rd7 38. Rc8 Rd8 39. Rc6 Rd7 40.
Kd3 f5 41. Kc4 f4 42. Bf2 h5 43. gxf4 exf4 44. h3 Be5 45. Rc8 Kg7 46. Re8 Kf7
47. Ra8 Bf6 48. a5 Bd8 49. axb6 axb6 50. Rb8 Nf8 51. Kd3 Ng6 52. Ke2 Ne5 53.
Nxb6 Bxb6 54. Rxb6 Nc4 55. Rc6 Rd2+ 56. Ke1 Rc2 57. b5 Rc1+ 58. Ke2 Rc2+ 59.
Kf1 Nd2+ 60. Ke2 Nc4+ 61. Kd3 Rxf2 62. Kxc4 Rxf3 63. Rc5 Kf6 64. b6 Re3 65. e5+
Ke6 66. b7 Re4+ 67. Kc3 Re3+ 68. Kb2 1-0

[Event "NB I. Maroczy csoport"]
[Site "Kisujszallas"]
[Date "2024.02.18"]
[Round "6.9"]
[White "Borda, Lajos"]
[Black "Simonyi, Zoltan"]
[Result "0-1"]
[WhiteElo "1967"]
[BlackElo "2087"]
[PlyCount "214"]
[EventDate "2023.10.08"]
[EventType "team-tourn"]
[EventRounds "11"]
[EventCountry "HUN"]
[Source "chess.hu"]
[WhiteTeam "Magyar Sakkvilag-SMS"]
[BlackTeam "Kumania-Kisujszallas"]
[WhiteTeamCountry "HUN"]
[BlackTeamCountry "HUN"]

1. e4 c5 2. Nc3 g6 3. g3 b6 4. Bg2 Bb7 5. d3 Bg7 6. Nge2 Nc6 7. Be3 Nd4 8. Qd2
Nf5 9. O-O Nxe3 10. Qxe3 d6 11. d4 Nf6 12. h3 Nd7 13. f4 O-O 14. Rad1 Rc8 15.
d5 Ba6 16. Rfe1 b5 17. Rd2 b4 18. Nd1 Qa5 19. c3 Rb8 20. b3 bxc3 21. Ndxc3 Rb4
22. Rc1 Rfb8 23. Kh2 Qd8 24. Bf1 h5 25. Nd1 Bh6 26. Nf2 Qa5 27. Ng1 Qa3 28.
Rdc2 Bxf1 29. Rxf1 a5 30. Qc1 Qxc1 31. Rfxc1 a4 32. bxa4 Rxa4 33. Re1 Ra3 34.
h4 Nf6 35. Kg2 Bg7 36. Nf3 Ne8 37. Nd2 Nc7 38. Nc4 Ra4 39. Nd3 Bd4 40. Kf3 Kf8
41. Rd1 Ra6 42. Nc1 Nb5 43. Ne2 Rba8 44. Rdd2 Ba1 45. Kg2 Na3 46. Nxa3 Rxa3 47.
Nc1 R8a4 48. Re2 c4 49. e5 c3 50. Kf3 Bb2 51. Re4 Ra5 52. Rd4 Rb5 53. exd6 exd6
54. Ke4 Ke7 55. Rc4 Raa5 56. Ne2 Rxd5 57. Nxc3 Bxc3 58. R4xc3 Rd1 59. Kf3 Kf6
60. Ke2 Ra1 61. Rd3 R1xa2 62. Rxd6+ Kf5 63. Rdd2 Rxc2 64. Rxc2 Kg4 65. Rc7 Ra2+
66. Ke3 Ra3+ 67. Ke2 f5 68. Rc6 Rxg3 69. Rxg6+ Kxf4 70. Rh6 Kg4 71. Kf2 Ra3 72.
Rg6+ Kxh4 73. Rg8 Ra4 74. Kf3 Rg4 75. Rh8 Rg1 76. Kf2 Ra1 77. Kf3 Rf1+ 78. Kg2
Rf4 79. Rh7 Kg5 80. Rh8 Ra4 81. Rg8+ Kf4 82. Kh2 Ra2+ 83. Kh3 Ke4 84. Re8+ Kf3
85. Rh8 f4 86. Rg8 Ra1 87. Kh2 Ke3 88. Re8+ Kf2 89. Rb8 Ra2 90. Rb3 Re2 91. Rc3
h4 92. Rc1 f3 93. Ra1 Ke3+ 94. Kg1 Rg2+ 95. Kh1 Rd2 96. Re1+ Kf4 97. Re8 h3 98.
Rf8+ Kg3 99. Rg8+ Kf2 100. Ra8 Ke1 101. Rf8 f2 102. Re8+ Kf1 103. Re6 Re2 104.
Ra6 Re1 105. Ra2 Re8 106. Rb2 Ke1 107. Rb1+ Ke2 0-1

[Event "NB I. Maroczy csoport"]
[Site "Kisujszallas"]
[Date "2024.02.18"]
[Round "6.10"]
[White "Fekete, Albert"]
[Black "Kelemen, Gabor"]
[Result "1-0"]
[WhiteElo "2087"]
[BlackElo "2097"]
[PlyCount "27"]
[EventDate "2023.10.08"]
[EventType "team-tourn"]
[EventRounds "11"]
[EventCountry "HUN"]
[Source "chess.hu"]
[WhiteTeam "Kumania-Kisujszallas"]
[BlackTeam "Magyar Sakkvilag-SMS"]
[WhiteTeamCountry "HUN"]
[BlackTeamCountry "HUN"]

1. Nf3 c5 2. e4 e6 3. Qe2 Nc6 4. c3 d5 5. e5 Nge7 6. h4 h5 7. g3 Nf5 8. d3 Qa5
9. Bd2 Be7 10. Bh3 Qb6 11. Bf4 Bd7 12. O-O O-O-O 13. Qc2 Kb8 14. Bxf5 1-0

[Event "NB I. Maroczy csoport"]
[Site "Kisujszallas"]
[Date "2024.02.18"]
[Round "6.11"]
[White "Metaxasz, Vaszilisz"]
[Black "Szaloki, Arpad"]
[Result "1/2-1/2"]
[WhiteElo "1894"]
[BlackElo "2007"]
[PlyCount "23"]
[EventDate "2023.10.08"]
[EventType "team-tourn"]
[EventRounds "11"]
[EventCountry "HUN"]
[Source "chess.hu"]
[WhiteTeam "Magyar Sakkvilag-SMS"]
[BlackTeam "Kumania-Kisujszallas"]
[WhiteTeamCountry "HUN"]
[BlackTeamCountry "HUN"]

1. c4 c6 2. Nc3 d5 3. cxd5 cxd5 4. d4 Nf6 5. Nf3 Nc6 6. Bf4 Bf5 7. e3 e6 8. Bd3
Bxd3 9. Qxd3 Bd6 10. Bxd6 Qxd6 11. O-O O-O 12. Rac1 1/2-1/2

[Event "NB I. Maroczy csoport"]
[Site "Kisujszallas"]
[Date "2024.02.18"]
[Round "6.12"]
[White "Molnar, Lili"]
[Black "Cseke, Viktoria"]
[Result "1-0"]
[WhiteElo "1498"]
[BlackElo "1641"]
[PlyCount "112"]
[EventDate "2023.10.08"]
[EventType "team-tourn"]
[EventRounds "11"]
[EventCountry "HUN"]
[Source "chess.hu"]
[WhiteTeam "Kumania-Kisujszallas"]
[BlackTeam "Magyar Sakkvilag-SMS"]
[WhiteTeamCountry "HUN"]
[BlackTeamCountry "HUN"]

1. d4 d6 2. c4 Nf6 3. Nc3 g6 4. e4 Bg7 5. Nf3 O-O 6. Be2 e5 7. O-O Nc6 8. d5
Ne7 9. Nd2 a5 10. Rb1 Nd7 11. a3 f5 12. f3 f4 13. b4 axb4 14. axb4 b6 15. Nb3
h5 16. Qc2 g5 17. Nb5 Nf6 18. c5 bxc5 19. bxc5 Ne8 20. cxd6 cxd6 21. Ba3 Ba6
22. Ra1 Bxb5 23. Bxb5 Nf6 24. Qd3 g4 25. Bb4 Rxa1 26. Rxa1 Qb6+ 27. Kf1 Rb8 28.
Ra5 g3 29. hxg3 fxg3 30. Be1 h4 31. Ba4 Rc8 32. Ra6 Qc7 33. Na5 Nh5 34. Nc6 Nf4
35. Qb5 Nxc6 36. dxc6 Rb8 37. Qc4+ Kf8 38. Bb3 d5 39. exd5 h3 40. gxh3 g2+ 41.
Kg1 Nxh3+ 42. Kxg2 Nf4+ 43. Kf1 Qc8 44. Bb4+ Ke8 45. d6 Qh3+ 46. Kf2 Qg2+ 47.
Ke3 Qg1+ 48. Kd2 Qf2+ 49. Kd1 Qxf3+ 50. Kc2 Qe2+ 51. Qxe2 Nxe2 52. d7+ Kd8 53.
c7+ Kxc7 54. Bd6+ Kxd7 55. Bxb8 Nd4+ 56. Kc3 e4 1-0

[Event "NB I. Maroczy csoport"]
[Site "Debrecen"]
[Date "2024.02.18"]
[Round "6.1"]
[White "Izsak, Gyula"]
[Black "Varadi, Viktor"]
[Result "1/2-1/2"]
[WhiteElo "2392"]
[BlackElo "2369"]
[PlyCount "109"]
[EventDate "2023.10.08"]
[EventType "team-tourn"]
[EventRounds "11"]
[EventCountry "HUN"]
[Source "chess.hu"]
[WhiteTeam "Aquarena Kobanya  II"]
[BlackTeam "DEAC-Debr.Sakkiskola"]
[WhiteTeamCountry "HUN"]
[BlackTeamCountry "HUN"]

1. d4 d5 2. Nf3 Nf6 3. c4 e6 4. Nc3 c6 5. cxd5 exd5 6. Qc2 g6 7. Bg5 Be7 8. e3
Bf5 9. Bd3 Bxd3 10. Qxd3 Nbd7 11. O-O O-O 12. Rad1 Re8 13. Rfe1 Ne4 14. Bf4 Bd6
15. Bxd6 Nxd6 16. Nd2 b5 17. b3 Nb6 18. Ne2 Rc8 19. Nf4 a5 20. Qc2 b4 21. Nd3
Nb5 22. Nb1 Nd7 23. Nc5 Qe7 24. Nxd7 Qxd7 25. Qc5 Qe7 26. Qxe7 Rxe7 27. Rc1 Kf8
28. Kf1 Ra7 29. Re2 Ke7 30. a4 bxa3 31. Ra2 Kd6 32. Nxa3 Nxa3 33. Rxa3 Rb8 34.
Rca1 Rb5 35. b4 Rxb4 36. Rxa5 Rxa5 37. Rxa5 Rb2 38. Ra7 Ke6 39. Rc7 Rc2 40. g4
h5 41. gxh5 gxh5 42. Kg2 Kf6 43. Kg3 Kg6 44. f3 f6 45. Kf4 Rxh2 46. Rxc6 Rg2
47. Rc8 Kg7 48. Rc5 Rg5 49. e4 dxe4 50. fxe4 Rxc5 51. dxc5 Kf7 52. Kg3 Ke6 53.
Kh4 f5 54. exf5+ Kxf5 55. Kxh5 1/2-1/2

[Event "NB I. Maroczy csoport"]
[Site "Debrecen"]
[Date "2024.02.18"]
[Round "6.2"]
[White "Mester, Gyula"]
[Black "Bodi, Tibor"]
[Result "0-1"]
[WhiteElo "2310"]
[BlackElo "2294"]
[PlyCount "98"]
[EventDate "2023.10.08"]
[EventType "team-tourn"]
[EventRounds "11"]
[EventCountry "HUN"]
[Source "chess.hu"]
[WhiteTeam "DEAC-Debr.Sakkiskola"]
[BlackTeam "Aquarena Kobanya  II"]
[WhiteTeamCountry "HUN"]
[BlackTeamCountry "HUN"]

1. d4 f5 2. Qd3 d5 3. g4 fxg4 4. h3 Nf6 5. hxg4 Bxg4 6. Bh3 Qd7 7. Bxg4 Qxg4 8.
Nf3 Nc6 9. Rg1 Qe4 10. Nc3 Qxd3 11. exd3 e6 12. Bf4 Kd7 13. O-O-O Nh5 14. Ne5+
Nxe5 15. Bxe5 Rg8 16. Rh1 g6 17. Ne2 Be7 18. Kd2 Raf8 19. Rdg1 Rf5 20. f4 Rgf8
21. Ng3 Nxg3 22. Rxg3 R8f7 23. Rgh3 g5 24. Rxh7 gxf4 25. Rxf7 Rxf7 26. Rg1 Bd6
27. Ke2 f3+ 28. Kf2 Bxe5 29. dxe5 c5 30. c3 Rf5 31. d4 cxd4 32. cxd4 Rf4 33.
Rg7+ Kc6 34. Re7 Rxd4 35. Rxe6+ Kd7 36. Rd6+ Ke7 37. Kxf3 Rd2 38. a4 Rxb2 39.
a5 Rb5 40. a6 b6 41. Rh6 Rb4 42. Ke3 Ra4 43. Rh7+ Ke6 44. Rxa7 Kxe5 45. Ra8
Ra3+ 46. Kd2 Kd6 47. Kc2 Kc6 48. Kb2 Ra5 49. Kb3 Kb5 0-1

[Event "NB I. Maroczy csoport"]
[Site "Debrecen"]
[Date "2024.02.18"]
[Round "6.3"]
[White "Horvath, David"]
[Black "Emodi, Barnabas"]
[Result "1/2-1/2"]
[WhiteElo "2330"]
[BlackElo "2329"]
[PlyCount "32"]
[EventDate "2023.10.08"]
[EventType "team-tourn"]
[EventRounds "11"]
[EventCountry "HUN"]
[Source "chess.hu"]
[WhiteTeam "Aquarena Kobanya  II"]
[BlackTeam "DEAC-Debr.Sakkiskola"]
[WhiteTeamCountry "HUN"]
[BlackTeamCountry "HUN"]

1. d4 Nf6 2. c4 e6 3. Nf3 Bb4+ 4. Nbd2 O-O 5. a3 Be7 6. g3 b6 7. Bg2 Bb7 8. O-O
c5 9. b3 Nc6 10. Bb2 Nxd4 11. Nxd4 Bxg2 12. Kxg2 cxd4 13. Bxd4 d5 14. e3 Rc8
15. Qf3 dxc4 16. Nxc4 Qd5 1/2-1/2

[Event "NB I. Maroczy csoport"]
[Site "Debrecen"]
[Date "2024.02.18"]
[Round "6.4"]
[White "Ag, Norbert Dr"]
[Black "Polyik, Peter"]
[Result "1/2-1/2"]
[WhiteElo "2311"]
[BlackElo "2289"]
[PlyCount "81"]
[EventDate "2023.10.08"]
[EventType "team-tourn"]
[EventRounds "11"]
[EventCountry "HUN"]
[Source "chess.hu"]
[WhiteTeam "DEAC-Debr.Sakkiskola"]
[BlackTeam "Aquarena Kobanya  II"]
[WhiteTeamCountry "HUN"]
[BlackTeamCountry "HUN"]

1. c4 c6 2. Qa4 e5 3. Nc3 Nf6 4. Nf3 Bd6 5. g3 O-O 6. Bg2 Bc7 7. d3 h6 8. O-O
Re8 9. e4 d6 10. h3 Nbd7 11. Qc2 a6 12. b3 b5 13. Bb2 Bb7 14. Rac1 Bb6 15. Nh4
Nf8 16. Kh2 d5 17. c5 Bxc5 18. Nxd5 N6d7 19. Ne3 Ne6 20. Nf3 f6 21. Nf5 Qb6 22.
Rcd1 Rad8 23. d4 exd4 24. N3xd4 Nxd4 25. Bxd4 Bxd4 26. Nxd4 c5 27. Nf5 Ne5 28.
Qc3 c4 29. f4 Nf7 30. Rxd8 Qxd8 31. bxc4 Bxe4 32. Bxe4 Rxe4 33. cxb5 axb5 34.
Qc2 Qd5 35. Nh4 Ra4 36. Rf2 Rc4 37. Qg6 Rc1 38. Nf3 Qd1 39. g4 Qh1+ 40. Kg3 Rc3
41. Qe4 1/2-1/2

[Event "NB I. Maroczy csoport"]
[Site "Debrecen"]
[Date "2024.02.18"]
[Round "6.5"]
[White "Konnyu, Janos"]
[Black "Deak, Sandor"]
[Result "1/2-1/2"]
[WhiteElo "2335"]
[BlackElo "2241"]
[PlyCount "79"]
[EventDate "2023.10.08"]
[EventType "team-tourn"]
[EventRounds "11"]
[EventCountry "HUN"]
[Source "chess.hu"]
[WhiteTeam "Aquarena Kobanya  II"]
[BlackTeam "DEAC-Debr.Sakkiskola"]
[WhiteTeamCountry "HUN"]
[BlackTeamCountry "HUN"]

1. e4 e5 2. Nf3 Nc6 3. Bb5 a6 4. Ba4 Nf6 5. O-O b5 6. Bb3 Bc5 7. Nc3 d6 8. h3
h6 9. d3 O-O 10. Ne2 Na5 11. Ng3 Nxb3 12. axb3 Nh7 13. d4 exd4 14. Nxd4 Qh4 15.
Be3 Ng5 16. Nf3 Nxf3+ 17. Qxf3 Bxe3 18. Qxe3 Qf6 19. c3 Re8 20. Qd4 Qxd4 21.
cxd4 c5 22. Rac1 cxd4 23. Rfd1 Be6 24. Rxd4 Bxb3 25. Nf5 a5 26. Nxd6 Reb8 27.
Rd3 a4 28. f4 b4 29. f5 Ba2 30. e5 Ra5 31. Re1 Bd5 32. e6 fxe6 33. fxe6 a3 34.
bxa3 bxa3 35. e7 a2 36. Rdd1 Bc6 37. Kh2 Kh7 38. Rc1 Ra6 39. Kg3 Be8 40. Nxe8
1/2-1/2

[Event "NB I. Maroczy csoport"]
[Site "Debrecen"]
[Date "2024.02.18"]
[Round "6.6"]
[White "Laszlo, Janos"]
[Black "Urhegyi, Marton"]
[Result "0-1"]
[WhiteElo "2194"]
[BlackElo "2254"]
[PlyCount "62"]
[EventDate "2023.10.08"]
[EventType "team-tourn"]
[EventRounds "11"]
[EventCountry "HUN"]
[Source "chess.hu"]
[WhiteTeam "DEAC-Debr.Sakkiskola"]
[BlackTeam "Aquarena Kobanya  II"]
[WhiteTeamCountry "HUN"]
[BlackTeamCountry "HUN"]

1. Nf3 c5 2. e3 g6 3. d4 cxd4 4. exd4 Bg7 5. c4 Nf6 6. Nc3 d5 7. h3 O-O 8. Bd3
dxc4 9. Bxc4 b6 10. O-O Bb7 11. Re1 Nc6 12. a3 e6 13. Bf4 Ne7 14. Nb5 Nf5 15.
Rc1 a6 16. Nc7 Ra7 17. Nxe6 fxe6 18. Bxe6+ Kh8 19. Ng5 Bd5 20. Rc8 Qxc8 21.
Bxc8 Rxc8 22. g4 Nh4 23. Bg3 h6 24. Bxh4 hxg5 25. Bxg5 Ne4 26. Be3 Rf7 27. Qd3
b5 28. Rf1 Rf3 29. Qe2 Rcf8 30. Kh2 Ng3 31. Qxf3 Nxf1+ 0-1

[Event "NB I. Maroczy csoport"]
[Site "Debrecen"]
[Date "2024.02.18"]
[Round "6.7"]
[White "Halak, Miklos"]
[Black "Tran, David"]
[Result "0-1"]
[WhiteElo "2247"]
[BlackElo "2138"]
[PlyCount "68"]
[EventDate "2023.10.08"]
[EventType "team-tourn"]
[EventRounds "11"]
[EventCountry "HUN"]
[Source "chess.hu"]
[WhiteTeam "Aquarena Kobanya  II"]
[BlackTeam "DEAC-Debr.Sakkiskola"]
[WhiteTeamCountry "HUN"]
[BlackTeamCountry "HUN"]

1. e4 e5 2. Nf3 Nc6 3. Nc3 Nf6 4. d4 exd4 5. Nxd4 Bb4 6. Nxc6 bxc6 7. Bd3 d5 8.
exd5 cxd5 9. O-O O-O 10. h3 c6 11. Qf3 Bd6 12. Bg5 Rb8 13. Na4 h6 14. Be3 Qa5
15. b3 Ne4 16. c4 Nd2 17. Bxd2 Qxd2 18. cxd5 cxd5 19. Qxd5 Qf4 20. g3 Qf6 21.
Kh2 g6 22. Nc3 Bb7 23. Ne4 Qxa1 24. Qxd6 Qb2 25. Nf6+ Kg7 26. Nd7 Rfd8 27. Qc7
Qd4 28. Ne5 Bd5 29. Bc4 Rbc8 30. Qe7 Re8 31. Nf3 Rxe7 32. Nxd4 Bxc4 33. bxc4
Rxc4 34. Rd1 Kf6 0-1